000 00661nam a22001217a 4500
008 160213b xxu||||| |||| 00| 0 eng d
100 _aGottspenn, Arno
245 _aThe German "Seepost" cancellations 1886-1939 :
_bAfrican, Asian & Australasian routes
260 _aNewbury, Berkshire, England
_bPhilip Cockrill
_c1986
490 _aCockrill series booklet ; no. 47
650 _aGermany | Maritime Mail | Postal Routes | Shipping Companies and Packet Service | 19th Century | 20th Century | Postal History | Postal Markings | Transoceanic Mail | Africa | Asia | Australasia | German Colonies | Deutsche Seepost | Deutsche Schiffspost
700 _aCockrill, Philip
999 _c1769
_d1769